[Event "Mexico City Latinoamericano op 1st"]
[Site "Mexico City"]
[Date "2021.11.06"]
[Round "3"]
[White "Kolosovas Machuca, Eleazar Samuel"]
[Black "Lopez Padilla, Piero Raul"]
[Result "1-0"]
[WhiteElo "2009"]
[BlackElo "1863"]
[PlyCount "117"]
[EventDate "2021.11.04"]
[EventType "swiss"]
[EventRounds "9"]
[EventCountry "MEX"]
[SourceTitle "EXT 2023"]
[Source "ChessBase"]
[SourceDate "2022.10.05"]
[SourceVersion "1"]
[SourceVersionDate "2022.10.05"]
[SourceQuality "1"]

1. e4 c5 2. Nc3 Nc6 3. Nge2 g6 4. d4 cxd4 5. Nxd4 Bg7 6. Nb3 Nf6 7. Be2 d6 8. 0-0 0-0 9. Be3 Bd7 10. f4 Rc8 11. Bf3 Qc7 12. g4 Rfd8 13. g5 Ne8 14. Bg2 e6 15. Nb5 Qb8 16. Qd2 a6 17. N5d4 b5 18. Qf2 Nc7 19. Nxc6 Bxc6 20. f5 exf5 21. Na5 Bd7 22. exf5 d5 23. fxg6 fxg6 24. Qf7+ Kh8 25. Rad1 Be6 26. Qxg7+ Kxg7 27. Bd4+ Kg8 28. Nc6 Re8 29. Nxb8 Rxb8 30. Rf6 Rf8 31. Re1 Rxf6 32. Bxf6 Kf7 33. Re3 Ne8 34. Bd4 Rc8 35. Rxe6 Rc4 36. Rxe8 Kxe8 37. c3 Rc7 38. Bxd5 Ke7 39. Kf2 Kd6 40. Bb3 Re7 41. a4 Re4 42. axb5 axb5 43. Kf3 Re1 44. Bg8 Ke7 45. Bc5+ Ke8 46. b4 Rh1 47. Bd5 Rxh2 48. Bc6+ Kd8 49. Bd4 h6 50. gxh6 Rxh6 51. Bxb5 Rh5 52. Bc4 Rf5+ 53. Kg4 Kc7 54. Bd3 Rf8 55. Bxg6 Kc6 56. c4 Rf1 57. Be4+ Kc7 58. b5 Rd1 59. b6+ 1-0

[Event "Mexico City Latinoamericano op 1st"]
[Site "Mexico City"]
[Date "2021.11.06"]
[Round "4"]
[White "Medina Calderon, Victor Manuel"]
[Black "Kolosovas Machuca, Eleazar Samuel"]
[Result "1-0"]
[WhiteElo "1927"]
[BlackElo "2009"]
[PlyCount "85"]
[EventDate "2021.11.04"]
[EventType "swiss"]
[EventRounds "9"]
[EventCountry "MEX"]
[SourceTitle "EXT 2023"]
[Source "ChessBase"]
[SourceDate "2022.10.05"]
[SourceVersion "1"]
[SourceVersionDate "2022.10.05"]
[SourceQuality "1"]

1. e4 e5 2. Nc3 Nf6 3. Bc4 Bc5 4. d3 c6 5. Nf3 d6 6. a3 0-0 7. 0-0 Bg4 8. Bg5 h6 9. Bh4 b5 10. Bxf6 Qxf6 11. Ba2 Nd7 12. h3 Bh5 13. g4 Bg6 14. Kg2 Rfe8 15. Ne2 Nf8 16. h4 Ne6 17. Qd2 h5 18. Bxe6 Qxe6 19. gxh5 Qg4+ 20. Ng3 Bxh5 21. Ng5 Bg6 22. h5 Bh7 23. f3 Qd7 24. Rh1 f6 25. Nxh7 Kxh7 26. Nf5 d5 27. Rh3 Rh8 28. Rg3 Bf8 29. Rh1 Kg8 30. Rh4 Kf7 31. Rhg4 Rh7 32. Kf1 Ke6 33. Qg2 Qf7 34. Rg6 Rxh5 35. Rxg7 Bxg7 36. Rxg7 Rg5 37. Rxf7 Kxf7 38. Qh3 Kg8 39. Ne7+ Kf7 40. Qd7 Rh8 41. Nf5+ Kg8 42. Qe8+ Kh7 43. Qf7+ 1-0